Normal view MARC view

Entry Personal Name

Number of records used in: 4

001 - CONTROL NUMBER

  • control field: 1905

003 - CONTROL NUMBER IDENTIFIER

  • control field: DLC

005 - DATE AND TIME OF LATEST TRANSACTION

  • control field: 20200210101503.0

008 - FIXED-LENGTH DATA ELEMENTS

  • fixed length control field: 821110n| azannaabn |b aaa

010 ## - LIBRARY OF CONGRESS CONTROL NUMBER

  • LC control number: n 82104198

035 ## - SYSTEM CONTROL NUMBER

  • System control number: (OCoLC)oca00800747

040 ## - CATALOGING SOURCE

  • Original cataloging agency: DLC
  • Language of cataloging: eng
  • Description conventions: rda
  • Transcribing agency: DLC
  • Modifying agency: NjP
  • Modifying agency: DLC
  • Modifying agency: OCoLC
  • Modifying agency: CoU
  • Modifying agency: DLC
  • Modifying agency: ICU

046 ## - SPECIAL CODED DATES

  • Birth date: 1920
  • Source of date scheme: edtf

100 1# - HEADING--PERSONAL NAME

  • Personal name: Bucaille, Maurice

372 ## - FIELD OF ACTIVITY

  • Field of activity: theological writer

375 ## - GENDER

  • Gender: male

377 ## - ASSOCIATED LANGUAGE

  • Language code: fre

400 1# - SEE FROM TRACING--PERSONAL NAME

  • Personal name: Bi︠u︡kaĭ, Moris

400 1# - SEE FROM TRACING--PERSONAL NAME

  • Personal name: Bucaille, Maurice,
  • Dates associated with a name: 1920-

400 1# - SEE FROM TRACING--PERSONAL NAME

  • Personal name: Būkāy,
  • Titles and other words associated with a name: Duktur
  • Fuller form of name: (Mūrīs)

400 1# - SEE FROM TRACING--PERSONAL NAME

  • Personal name: Būkāy, Mūrīs

400 1# - SEE FROM TRACING--PERSONAL NAME

  • Personal name: بوكاي، موريس

400 1# - SEE FROM TRACING--PERSONAL NAME

  • Personal name: Bikaj, Moris

670 ## - SOURCE DATA FOUND

  • Source citation: His La Bible, le Coran et la science, c1976.

670 ## - SOURCE DATA FOUND

  • Source citation: His Muqāyisahʹī miyān-i Tawrāt, Injīl, Qurʼān va ʻilm, 1985:
  • Information found: t.p. (Duktur Būkāy) p. 1 (Mūrīs Būkāy)

670 ## - SOURCE DATA FOUND

  • Source citation: Biblii︠a︡ta, koranŭt i naukata, 1994:
  • Information found: t.p. (Moris Bi︠u︡kaĭ)

670 ## - SOURCE DATA FOUND

  • Source citation: Moïse et Pharaon, c1995:
  • Information found: t.p. (Maurice Bucaille) p. [iii] (b. 1920)

670 ## - SOURCE DATA FOUND

  • Source citation: Biblijata, Kuranot i naukata, 2001:
  • Information found: title page (Moris Bikaj)

Powered by Koha